Municipios de La Rioja en un mapa por comarcas - Estadísticas

Estadísticas generales
  • Esta prueba ha sido intentada 11 veces
    4 desde el último reinicio
  • La puntuación promedio es 78 de 175
Respuestas en el mapa
Las respuestas están codificadas por una escala verde-roja en el mapa de la prueba según el % correcto abajo.
 
Estadísticas de respuestas
Respuesta % Correcto
Albelda
100%
Alcanadre
100%
Aldeanueva de Ebro
100%
Alfaro
100%
Arnedillo
100%
Arnedo
100%
Berceo
100%
Briones
100%
Calahorra
100%
Cenicero
100%
Cervera del Río Alhama
100%
Cuzcurrita de Río Tirón
100%
El Villar de Arnedo
100%
Ezcaray
100%
Haro
100%
Jalón de Cameros
100%
Lardero
100%
Logroño
100%
Mancomunidad de Nalda, Sorzano y Viguera
100%
Nalda
100%
Navarrete
100%
Pradejón
100%
San Millán de la Cogolla
100%
San Román de Cameros
100%
Santo Domingo de la Calzada
100%
San Vicente de la Sonsierra
100%
Sorzano
100%
Torrecilla en Cameros
100%
Torre en Cameros
100%
Viguera
100%
Villamediana de Iregua
100%
Agoncillo
50%
Aguilar del Río Alhama
50%
Ajamil de Cameros
50%
Alberite
50%
Alesanco
50%
Alesón
50%
Almarza de Cameros
50%
Anguciana
50%
Anguiano
50%
Arenzana de Abajo
50%
Arenzana de Arriba
50%
Arrúbal
50%
Ausejo
50%
Autol
50%
Badarán
50%
Baños de Río Tobía
50%
Bergasa
50%
Bergasillas Bajera
50%
Brieva de Cameros
50%
Briñas
50%
Cabezón de Cameros
50%
Camprovín
50%
Canales de la Sierra
50%
Casalarreina
50%
Cihuri
50%
Clavijo
50%
Cordovín
50%
Corera
50%
Cornago
50%
Daroca de Rioja
50%
El Rasillo de Cameros
50%
El Redal
50%
Enciso
50%
Entrena
50%
Foncea
50%
Fonzaleche
50%
Fuenmayor
50%
Galilea
50%
Gallinero de Cameros
50%
Hervias
50%
Hormilla
50%
Hormilleja
50%
Hornos de Moncalvillo
50%
Huércanos
50%
Igea
50%
Laguna de Cameros
50%
Lagunilla del Jubera
50%
Ledesma de la Cogolla
50%
Leiva
50%
Lumbreras de Cameros
50%
Mansilla de la Sierra
50%
Matute
50%
Medrano
50%
Munilla
50%
Murillo de Río Leza
50%
Muro de Aguas
50%
Nájera
50%
Navajún
50%
Nestares
50%
Nieva de Cameros
50%
Ocón
50%
Ojacastro
50%
Ortigosa de Cameros
50%
Pinillos
50%
Pradillo
50%
Préjano
50%
Quel
50%
Rabanera
50%
Ribafrecha
50%
San Asensio
50%
San Millán de Yécora
50%
Santa Engracia del Jubera
50%
Sojuela
50%
Sotés
50%
Soto en Cameros
50%
Terroba
50%
Tobía
50%
Tormantos
50%
Torrecilla sobre Alesanco
50%
Torremontalbo
50%
Tricio
50%
Valdemadera
50%
Valgañón
50%
Ventosa
50%
Ventrosa
50%
Villalba de Rioja
50%
Villanueva de Cameros
50%
Villar de Torre
50%
Villarejo
50%
Villarta-Quintana
50%
Villavelayo
50%
Viniegra de Abajo
50%
Viniegra de Arriba
50%
Zorraquín
50%
Abalos
0%
Azofra
0%
Bañares
0%
Baños de Rioja
0%
Bezares
0%
Bobadilla
0%
Cañas
0%
Canillas de Río Tuerto
0%
Cárdenas
0%
Castañares de Rioja
0%
Castroviejo
0%
Cellórigo
0%
Cidamón
0%
Cirueña
0%
Corporales
0%
Estollo
0%
Galbárruli
0%
Gimileo
0%
Grañón
0%
Grávalos
0%
Herce
0%
Herramélluri
0%
Hornillos de Cameros
0%
Leza de Río Leza
0%
Manjarrés
0%
Manzanares de Rioja
0%
Muro en Cameros
0%
Ochánduri
0%
Ollauri
0%
Pazuengos
0%
Pedroso
0%
Rincón de Soto
0%
Robres del Castillo
0%
Rodezno
0%
Sajazarra
0%
Santa Coloma
0%
Santa Eulalia Bajera
0%
San Torcuato
0%
Santurde de Rioja
0%
Santurdejo
0%
Tirgo
0%
Treviana
0%
Tudelilla
0%
Uruñuela
0%
Villalobar de Rioja
0%
Villaroya
0%
Villaverde de Rioja
0%
Villoslada de Cameros
0%
Zarratón
0%
Zarzosa
0%
No se encontraron pruebas coincidentes
Distribución de puntuación
Porcentaje de gente con cada puntuación
Porcentaje por número respondido
Historial de tus puntuaciones
No has intentado esta prueba desde el último reinicio